00640nam a2200205Ia 4500008004000000041000800040082001600048100001600064245003200080260004000112300001400152650000900166650001400175650001500189650000600204690002500210906001100235999001900246952016900265210210b2010 xxu||||| |||| 00| 0 eng d aeng a657.48 RAMF aRAMAN (B S) aFinancial accounting Part 2 aMangalorebUnited Publishersc2010 a1227-2381 aPart aFinancial aaccounting a2 aFinancial Accounting a065462 c142820d142820 00102ddc40708COMaALbALcSSSd2021-02-17eBiblios Book Point, Surathkal-575014g250.00l2o657.48 RAMFp065462r2025-06-06 11:02:05s2025-03-10w2021-02-17yBK